000 00629nam a2200205 a 4500
001 BD-DhSAU 6646
003 BD-DhSAU
005 20150510153725.0
008 841012s1982 bg r f001 0 eng
040 _aBD-DhSAU
082 0 0 _a630.0202
_222
_bDIR
245 0 0 _aDirectory of agricultural research in Bangladesh /
260 _aDhaka, Bangladesh :
_bBangladesh Agricultural Research Council,
_c1982.
300 _a244 p. :
_c28 cm.
440 _acompleted research projects
_vvolume 1
504 _aIncludes indexes.
590 _atamanna
650 0 _aAgriculture
_xResearch
_zBangladesh
_xDirectories.
650 0 _aagronomy
942 _2ddc
_cBOOK
999 _c6646
_d6646